Kapitan Tsubasa, Inazuma, Supa Strikas zawodnicy - Statystyki

Ogólne statystyki
  • Ten quiz został rozwiązany 18 razy
  • Średni wynik to 26 z 103
Statystyki odpowiedzi
Klub i numer Zawodnik % Poprawnych
Raimon 10 Axel
82%
Raimon 3 Jack
82%
Raimon 1 Mark
82%
Raimon/ Unicorn 16 Erik
73%
Akademia królewska/ Ramion 14 Jude
73%
Raimon 11 Kevin
73%
Raimon/ Unicorn 18 Bobby
64%
Zeus 10 Byron
64%
Supa Strikas 20 El Matador
64%
Raimon 2 Nathan
64%
Supa Strikas 10 Shaker
64%
Nankatsu 10 Tsubasa
64%
Supa Strikas 55 Ściana
55%
Inazuma Japan 9 Shawn
55%
Supa Strikas 1 Wielki Bo
55%
Akademia królewska 11 David Samford
45%
Supa Strikas 9 Gibki Rasta
45%
Niepokonani 10 Skarra
45%
Mechatronik 1 Thomas/Feldt
45%
Inazuma Japan 11 Austin
36%
Niepokonani 13 Dooma
36%
Rycerze Królowej 9 Edgar
36%
Mali Giganci 1 Hector
36%
Akademia królewska 1 Joe King
36%
Supa Strikas 7 Luźny Joe
36%
Supa Strikas 16 Skrętny Tygrys
36%
Magiczni 9 Tasman
36%
Czołgi 17 Thor
36%
Raimon 5 Tod
36%
Niepokonani 6 Automatic
27%
Azul 1 De Los Santos
27%
Niepokonani 20 Dingan
27%
Palmantieri 10 Don Aldo
27%
Gemini storm 10 Janus
27%
Czołgi 10 Johann/Uber
27%
Supa Strikas 2 Klaus
27%
Hydra 8 Liquido
27%
Królestwo 11 Mac Robingo
27%
Supa Strikas 8 North Shaw
27%
Barka 11 Riano
27%
Imperium 5 Thiago
27%
Nankatsu/Hamburg 1/22 Wakabayashi
27%
Cosmos 26 Bolo
18%
Technikali 7 Chuck.T Chiperson
18%
Chaos 11 Gazel
18%
Meiwa / Toho 10 Hyuga
18%
Nankatsu /Otomo 3 Koji/Nishio
18%
Niepokonani 11 Max Power
18%
Orion 10 Meda
18%
Nakama 9 Miko Chan
18%
Kirkwood 10 | Kirkwood 11 | Kirkwood 9 Murdock
18%
Cosmos 6 Ninja
18%
Cognito 1 Pavlov
18%
Francja 10 Pierre
18%
Inazuma Japan 6 Scotty
18%
Dzicy 11 Speed
18%
Nankatsu 7 Taki
18%
Chaos 9 | Inazuma Japan 5 Torch
18%
Sułtani 30 Zoom Zahir
18%
Sułtani 1 | Sułtani 2 | Sułtani 3 Amal
9%
Hanawa 12 Daimaru
9%
Inazuma Japan 13 Darren
9%
Zeus 11 Determius
9%
Argentyna 10 Diaz
9%
Sułtani 2 Diba
9%
Włochy 1 Gino Hernandez
9%
Azumadaichi higashi 7 Hayata/Soda
9%
Hamburger 1 Hefner
9%
Hirado 5 Hiroshi/Jito
9%
Minamiuwa 10 Ishida
9%
Nankatsu 14 Ishizaki
9%
Nankatsu 8 Izawa
9%
Technikali 16 John Jay Johnson Jr/ J.J Johnson Jr
9%
Hamburger 8 Kaltz
9%
Nankatsu 9 Kisugi
9%
Furano 10 Matsuyama
9%
Nankatsu 11 Misaki
9%
Musashi 14 Misugi
9%
Nankatsu 1 Morisaki
9%
Bayern Monachium 1 Muller
9%
Naniwa 1 Nakanishi
9%
Francja 16 Napoleon
9%
Otomo 9 Nitta
9%
Furano 9 | Nankatsu 4 Oda
9%
Hirado 19 Sano
9%
Meiwa Toho 15 Sawada
9%
Brema 10 Schester
9%
Hamburger 11 Schneider
9%
Cosmos 17 Skoczny Skorpion
9%
Hanawa 9 /10 | Hanawa 9/10 Tachibana
9%
Nankatsu 6 Takasugi
9%
Inazuma Japan 4 Tory
9%
Nankatsu / Otomo 5/10 Urabe
9%
Urugwaj 9 Victorino
9%
Grimm 10 Vladimir Savic
9%
Meiwa/Toho 17/1 Wakashimazu
9%
Nie znaleziono quizów pasujących do podanych kryteriów
Rozkład punktacji
Procent ludzi z każdym wynikiem
Percentyl według liczby udzielonych odpowiedzi
Twoja historia wyników
Nie rozwiązałeś tego quizu